Haubtstädte Sudden Death - Statistiken

Allgemein
  • Dieses Quiz wurde 111 mal gespielt
    106 seit der letzten Aktualisierung
  • Das Durchschnittsergebnis liegt bei 7 aus 8
Answers on the Grid
Answers color-coded by a green-red scale on the quiz's grid according to % correct below.
Bern
Zürich
Washington D.C.
New York
Kairo
Istanbul
Prag
Barcelona
Oslo
Göteborg
Porto
Tokio
Peking
Hamburg
Athen
Mailand
 
Antwortstatistiken
Antwort % Korrekt
Washington D.C.
98%
Prag
95%
Bern
92%
Athen
91%
Oslo
89%
Tokio
89%
Kairo
87%
Peking
80%
Keine übereinstimmenden Quizze gefunden
Verteilung der Resultate
Anzahl Personen mit jedem Resultat
Perzentil nach korrekt beantworteten Fragen
Ihre Resultats-Entwicklung
Sie haben dieses Quiz seit der letzten Aktualisierung nicht gespielt